Stockholm Gröna Lund Attractions - Statistics

General Stats
  • This quiz has been taken 12 times
  • The average score is 16 of 27
Answer Stats
Answer % Correct
I Insane
100%
B Blå Tåget
90%
I Ikaros
90%
K Katapulten
90%
T Twister
90%
B Bläckfisken
80%
F Fritt Fall
80%
L Lustiga Huset
80%
M Monster
80%
N Nyckelpigan
80%
E Eclipse
70%
F Flygande Elefanterna
70%
K Kärlekstunneln
70%
K Kvasten
70%
T Tekopparna
70%
L Lyktan
60%
V Vilda Musen
60%
P Pop-Expressen
50%
K Kättingflygaren
40%
B Barnradiobilarna
30%
V Veteranbilarna
30%
C Cirkuskarusellen
20%
H House of Nightmares
20%
P Pettson och Findus värld
20%
S Spindeln
20%
T Tuff-Tuff Tåget
20%
P Pumpen
10%
No matching quizzes found
Score Distribution
Percent of People with Each Score
Percentile by Number Answered
Your Score History
You have not taken this quiz